| 000 | 00382nam a2200145Ia 4500 | ||
|---|---|---|---|
| 008 | 230917s9999||||xx |||||||||||||| ||und|| | ||
| 040 |
_e29765 _aMAIN |
||
| 041 | _aEnglish | ||
| 082 | _a158.7 S31I | ||
| 100 | _aSpector, Paul E | ||
| 245 | 0 | _aIndustrial and organizational psychology:rsearch and practice | |
| 260 |
_aNew York _bJohn Wiley _c1996 |
||
| 300 | _a420 p. | ||
| 942 | _cOB | ||
| 999 |
_c92592 _d92592 |
||